000 00329nam a22001337a 4500
020 _a978-93-89461-52-7
082 _a574
_bMTG/N/B
100 _aMTG LEARNING
245 _aNCERT SOLUTIONS BIOLOGY
_bCLASS XII
260 _aDELHI
_bMTG LEARNING MEDIA
300 _a60
650 _aBIOLOGY SOLUTIONS FOR CLASS XII
_zINDIA
942 _cBK
999 _c730
_d730